00387nam a2200133Ia 4500008004100000041000800041082001500049100001400064245010400078260003300182300000800215365001600223700001400239230718s9999 xx 000 0 und d aeng a158.1bSHA aSharma R. aDiscover Your Destiny:bWith Monk Who Sold His Ferrari, Blueprint For Living Your Best Life, Vol.IX c2009bJaico Publishing House a215 cRs.b177.22 aSharma R.